000 02078nam a2200385 a 4500
003 CHAP
005 20250617133435.0
007 ta
008 250617s1985 -usado frf 001 0 eng d
020 _a0-8019-7290-6
040 _cCHAP
_amxchpua
_erda
041 _aeng
_beng
_feng
_heng
050 1 _aTS156.8
_b.I57 1985
082 _220
_a629.8
_bI57 1985
245 1 0 _aInstrument Engineers' Handbook :
_bprocess control /
_ceditores Béla G. Lipták y Kriszta Venczel
250 _bRevised edition
264 _aPennsylvania, USA :
_bChilton Book Company,
_c1985
300 _axviii, 1010 p.
_bilustraciones, gráficas, diagramas, tablas, fotos
336 _2rdacontent
_atexto
_btxt
337 _2rdamedia
_ano mediado
_bn
338 _2rdacarrier
_avolumen
_bnc
504 _aIncluye bibliografías.
505 0 _a1. Basic concepts, variables and degrees of freedom -- 2. Control modes and controllers -- 3. Transform theory, transfer functions, linearization and stability analysis -- 4. Closed-loof response -- 5. Feedback and feedforward control -- 6. Ratio control -- 7. Cascade control -- 8. Selective control -- 9. Adaptative and nonlinear control -- 10. Optimizing control -- 11. Tuning of controllers -- 12. Tuning by computer-- Appendix -- Index
520 2 _a'Whether used as a text book by inexperienced engineers, or as a quick reference book for the experienced engineer - this book looks set to continue to be the main reference for the instrument engineer for the next decade - and at a realistic price which is better value today.' Control & Instrumentation
650 1 3 _aInstrumentos de medición
_9150884
_2atg
_xManuales
650 1 3 _aControl de fabricación
_9156663
_2atg
650 1 3 _aMeasuring devices
_9150885
_2atg
_xHandbooks, manuals, etc.
650 1 3 _aProcess control
_9156666
_2atg
700 1 _aLipták, Béla G.
_967041
_eeditor
700 1 _aVenczel, Kriszta
_9190677
_eeditora
901 _a629.8 I57 1985
902 _aM
905 _a0000001982 -USX 0000000000ENG00
942 _cLIBRO
_2ddc
999 _c220637
_d220637